000 00454nam a22001697a 4500
003 SGT
020 _a9789395736725
082 _a615.4
_bM23S
100 _aSINKO, PATRICK.J ,ed.
245 _aMARTIN'S PHYSICAL PHARMACY & PHARMACEUTICAL SCIENCE
250 _a8TH
260 _aNEW YORK
_bWOLTERS KLUWER
_c2023
300 _a714
650 _aPHYSICAL PHARMACY
653 _aMARTIN, PHYSICAL, PHARMACY, PHARMACEUTICAL . SCIENCE
942 _2ddc
_cBK
_013
999 _c26445
_d26445